| 000 | 00789nac a22002411u 4500 | ||
|---|---|---|---|
| 010 | _a 99019553 | ||
| 020 | _a0849302765 (alk. paper) | ||
| 035 | _a(DLC) 99019553 | ||
| 082 | 0 | 0 |
_a664.07 _bMEI |
| 090 |
_c7477 _d7477 |
||
| 100 | _aMeilgaard, Morten. | ||
| 245 | 1 | 0 |
_aSensory evaluation techniques / _cMorten Meilgaard, Gail Vance Civille, B. Thomas Carr. |
| 250 | _a3rd ed. | ||
| 260 |
_aBoca Raton, Fla. : _bCRC Press,1999 _cc1999. |
||
| 300 |
_a387 p. : _bill. ; _c27 cm. |
||
| 500 | _adistributer: Al-Ahram | ||
| 504 | _aIncludes bibliographical references and index. | ||
| 511 | _acatalogued by: wessam | ||
| 650 | 0 | _aSensory evaluation. | |
| 700 | 1 | _aCiville, Gail Vance. | |
| 700 | 1 | _aCarr, B. Thomas. | |
| 942 |
_cBB _k664.07MEI |
||
| 999 |
_c7477 _d7477 |
||